00277nam a2200121Ia 4500008004100000020001800041082001600059100001500075245001900090260003400109300000700143650000500150140316s9999 xx 000 0 und d a81 7371 052 x a658bLAW/TA aLawson,Jan aTarget setting aHyderabadbUniversity Pressc a22 a